Computer ethics / (Record no. 275892)
[ view plain ]
| 000 -LEADER | |
|---|---|
| fixed length control field | 00896cam a22002414a 4500 |
| 003 - CONTROL NUMBER IDENTIFIER | |
| control field | PILC |
| 005 - DATE AND TIME OF LATEST TRANSACTION | |
| control field | 20150907133955.0 |
| 008 - FIXED-LENGTH DATA ELEMENTS--GENERAL INFORMATION | |
| fixed length control field | 131004s 000 0 eng d |
| 020 ## - INTERNATIONAL STANDARD BOOK NUMBER | |
| International Standard Book Number | 9781285115382 |
| 050 00 - LIBRARY OF CONGRESS CALL NUMBER | |
| Classification number | QA 76.9.M65 |
| Item number | .B858 2012 |
| 100 1# - MAIN ENTRY--PERSONAL NAME | |
| Personal name | Brinkman, William John, |
| Titles and other words associated with a name | II. |
| 245 10 - TITLE STATEMENT | |
| Title | Computer ethics / |
| Statement of responsibility, etc | William 'Bo' John Brinkman, II, Alton 'Al' F. Sanders. |
| 250 ## - EDITION STATEMENT | |
| Edition statement | Philippine edition. |
| 260 ## - PUBLICATION, DISTRIBUTION, ETC. (IMPRINT) | |
| Place of publication, distribution, etc | Pasig City, Philippines : |
| Name of publisher, distributor, etc | Cengage Learning Asia, |
| Date of publication, distribution, etc | 2014. |
| 300 ## - PHYSICAL DESCRIPTION | |
| Extent | xiv, 274 pages ; |
| Dimensions | 23 cm. + |
| Other physical details | 1 CD. |
| 500 ## - GENERAL NOTE | |
| General note | Reprint. Originally published: Andover : Cengage Learning, c2012. |
| 521 ## - TARGET AUDIENCE NOTE | |
| Target audience note | Information Technology |
| 650 #0 - SUBJECT ADDED ENTRY--TOPICAL TERM | |
| Topical term or geographic name as entry element | Computers |
| General subdivision | Moral and ethical aspects. |
| 650 #0 - SUBJECT ADDED ENTRY--TOPICAL TERM | |
| Topical term or geographic name as entry element | Electronic data processing |
| General subdivision | Moral and ethical aspects. |
| 650 #0 - SUBJECT ADDED ENTRY--TOPICAL TERM | |
| Topical term or geographic name as entry element | Computer programming |
| General subdivision | Moral and ethical aspects. |
| 700 1# - ADDED ENTRY--PERSONAL NAME | |
| Personal name | Sanders, Alton F. |
| 942 ## - ADDED ENTRY ELEMENTS (KOHA) | |
| Source of classification or shelving scheme | Library of Congress Classification |
| Koha item type | Books |
| Call number prefix | Foreign |
| Withdrawn status | Lost status | Damaged status | Home library | Current library | Shelving location | Date acquired | Total Checkouts | Full call number | Barcode | Date last seen | Date checked out | Price effective from | Koha item type | Source of classification or shelving scheme | Source of acquisition | Sub Shelving location | Cost, normal purchase price | Total Renewals |
|---|---|---|---|---|---|---|---|---|---|---|---|---|---|---|---|---|---|---|
| College Library | College Library | Reserve Section | 05/28/2014 | 2 | QA 76.9.M65 .B858 2012 | C18076 | 02/22/2020 | 02/18/2020 | 05/28/2014 | Books | ||||||||
| College Library | College Library | Reserve Section | 09/26/2014 | QA 76.9.M65 .B858 2012 | C18677 | 05/15/2018 | 09/26/2014 | Books | Library of Congress Classification | Library Fund | ||||||||
| College Library | College Library | General Circulation Section | 09/07/2015 | QA 76.9.M65 .B858 2012 | C19948 | 04/22/2017 | 09/07/2015 | Books | Library of Congress Classification | Donation | ||||||||
| College Library | College Library | Reserve Section | 12/03/2015 | 1 | QA 76.9.M65 .B858 2012 | C20309 | 05/15/2018 | 02/07/2017 | 12/03/2015 | Books | Library of Congress Classification | Library Fund | 365.00 | 3 |